00328 2200121 4500001002100000005001500021035002000036245009100056020001600147260002700163990000800190990000800198INLIS00000000000262120251204110314 a0010-1225000002 inna No Nihongo II (Edisi 2) Terjemahan & keterangan Tata bahasa versi bahasa indonesia 786025064920 V. Lintas Cipta Pustaka a250 a250